| 000 | 02081nam a22003254i 4500 | ||
|---|---|---|---|
| 001 | 991061509085206706 | ||
| 003 | ES-BaIT | ||
| 005 | 20251107091046.0 | ||
| 008 | 251029s2024 sp |||| |||| 0|0 d spa|c | ||
| 017 |
_aDL M 14045-2024 _bOficina DL Madrid |
||
| 020 | _a9788410060210 | ||
| 040 |
_aES-BaIT _bcat _erda _cES-BaIT |
||
| 080 | _a860-2"20" | ||
| 100 | 1 |
_aAtanes, Carlos, _d1971- _eautor _9167782 |
|
| 245 | 1 | 0 |
_aAntimateria / _cCarlos Atanes ; prólogo de Juan José Afonso |
| 250 | _aPrimera edición | ||
| 264 | 1 |
_aMadrid : _bEdiciones Antígona, _c2024 |
|
| 300 |
_a85 pàgines : _bil·lustracions ; _c21 cm |
||
| 336 |
_atext _btxt _2rdacontent |
||
| 337 |
_asense mediació _bn _2rdamedia |
||
| 338 |
_avolum _bnc _2rdacarrier |
||
| 490 | 1 |
_aTeatro ; _v241 |
|
| 500 | _aP2: H2 | ||
| 520 | _a"Después de varios meses de residencia en casa de su mentor, el estudiante Ramírez descorcha una botella para celebrar su despedida. Pero lo que empieza pareciendo un intercambio cordial de opiniones sobre arte y filosofía sufre un vuelco inesperado. ¿Es depravado imaginar la depravación?, pregunta el profesor. La revelación de un secreto inconfesable desata un conflicto desquiciado entre ambos personajes: los conceptos adquieren de repente un poder mortífero y la violencia imaginaria se funde con la violencia física. La contienda discurre, por un lado, paralela al empeño por dirimir si existe una frontera clara entre acto y pensamiento, un límite que separe la fantasía íntima de sus consecuencias en el mundo real y, por el otro, bajo la sombra amenazadora del escándalo y del linchamiento público. Antimateria es un thriller de personajes y, al mismo tiempo, un thriller de ideas articulado en torno a cuestiones tan imperecederas y tan vigentes como la libertad de pensamiento, la naturaleza del mal o la exposición masiva de la privacidad." -- Contracoberta | ||
| 700 | 1 |
_aAfonso, Juan José _eescriptor d'un pròleg _9167783 |
|
| 830 | 0 |
_aTeatro (Ediciones Antígona) _v241 _9145202 |
|
| 908 | _aCDMAE | ||
| 940 | _aCVA2 | ||
| 942 |
_2udc _c1 |
||
| 999 |
_c136795 _d136795 |
||